000 00578nam a22001817a 4500
005 20251108172751.0
008 250721s2001 xx 000 0 ara d
082 1 4 _a808,068/صبي
100 1 _aصبيح، إبراهيم محمد
245 1 0 _aالأطفال في التراث الشعبي العربي شعرا و نثرا /
264 1 _aعمان :
_bأمانة عمان الكبرى،
_c2001.
300 _a152ص.
650 1 7 _aالأدب العربي
650 1 7 _aالشعر العربي
650 1 7 _aالنقد الأدبي
942 _2ddc
_cBK
999 _c88005
_d88005